000 01208cam a2200241 4500
001 ABS66300
008 030106n2002 000 0 eng u
035 _a(Sirsi) u120926
245 _aSpecial report: Roadside
260 _c2002
490 _aProperty Week
_v67(48) 13 December 2002, 39-46(5)
520 _aSpecial report on property specific to roadsides. "Driving ambitions" examines examples of experiential retail - VW's Autostadt in Wolfsburg, Germany and Land Rover's adventure zone at Blue water, Kent. These centres allow (car) manufacturers to show their full product range under one roof with full customer interaction and a fun environment. "All change at the pumps" describes the commercial evolution of petrol stations from just pumps to the full forecourt retail offer competing with supermarkets. and indicates future developments.
590 _aABS
650 _aROADSIDE FACILITIES
650 _aGERMANY
650 _aMARKETING
650 _aEXPERIENTIAL RETAIL
650 _aPROPERTY-COMMERCIAL PROPERTY-RETAIL PROPERTY-RETAIL PROPERTY MARKET
650 _aPETROL FILLING STATIONS
650 _aPETROL FORECOURTS
690 _aPROPERTY-COMMERCIAL PROPERTY
942 _n0
999 _c71882
_d71882